| 000 | 00977pam a2200313 a 4500 | ||
|---|---|---|---|
| 001 | 899484 | ||
| 003 | OSt | ||
| 005 | 20140310182033.0 | ||
| 008 | 810814s1981 mnua j 000 0 eng | ||
| 010 | _a 81038465 | ||
| 020 |
_a0871231670 (pbk.) : _c$3.95 |
||
| 040 |
_aDLC _cDLC _dDLC |
||
| 042 | _alcac | ||
| 050 | 0 | 0 |
_aBV 4850 _b.P45 1981 |
| 082 | 0 | 0 |
_aHS 248.8 _bP44 1981 |
| 100 | 1 |
_aPeterson, Lorraine _910377 |
|
| 245 | 1 | 0 |
_aFalling off cloud nine and other high places / _cLorraine Peterson. |
| 260 |
_aMinneapolis, Minn. : _bBethany House, _cc1981. |
||
| 300 |
_a159 p. : _bill. ; _c22 cm. |
||
| 440 | 0 |
_aDevotionals for teens ; _v#2 _910378 |
|
| 650 | 0 |
_aYouth _vPrayers and devotions. _910379 |
|
| 650 | 1 |
_aPrayer books and devotions. _910380 |
|
| 650 | 1 |
_aConduct of life. _91175 |
|
| 700 | 1 |
_aDugan, LeRoy, _eill. _910381 |
|
| 700 | 1 |
_aAhlquist, Neil, _eill. _910382 |
|
| 906 |
_a7 _bcbc _corignew _d1 _eocip _f19 _gy-gencatlg |
||
| 942 |
_2lcc _cHS |
||
| 999 |
_c8609 _d8609 |
||